Statistics for Which European Country?

Click here to take the quiz!

General Stats

  • This quiz has been taken 24,717 times
    (24,680 since last reset)
  • The average score is 9 of 15

Answer Stats

Question Answer % Correct
Where is Sochi?Russia
87%
Which country's capital does NOT begin with a B?Albania
77%
Which of these countries shares a land border with just one other country?Denmark
77%
Which country has NOT won the men's FIFA World Cup?Portugal
75%
Which country was part of Yugoslavia?Croatia
74%
Which nation is located on the Mid-Atlantic Ridge?Iceland
72%
What country's famous sculptures include Manneken Pis and the Atomium?Belgium
67%
Which country is in the European Union?Romania
65%
Which country did not see its territory invaded during WWII?Spain
64%
Which country is named after a cardinal direction?Austria
55%
Which of these countries is the largest by area?France
52%
What country borders Ukraine?Hungary
46%
What country's Pantheon was built around 120 A.D.?Italy
42%
Which country has hosted the Summer Olympics?Finland
30%
Which country was one of the Central Powers in WWI?Bulgaria
28%

Score Distribution

Percentile by Number Answered

Percent of People with Each Score

Your Score History

You have not taken this quiz since the last reset